Interný marketing nie je riadenie ľudských zdrojov

Prehľad rôznych klasifikácii marketingu. Obsahové vymedzenie pojmov integrovaný a interný marketing. Postavenie interného marketingu vo formálno-organizačnom usporiadaní firmy. Ciele, úlohy interného marketingu a nástroje na dosiahnutie úloh. Interný marketing ako neoddeliteľná súčasť marketingu sp...

Descrizione completa

Salvato in:
Dettagli Bibliografici
Autore principale: Ronec, Miloš
Natura: Capitolo di libro
Lingua:slovacco
Soggetti:
Tags: Aggiungi Tag
Nessun Tag, puoi essere il primo ad aggiungerne!!

MARC

LEADER 00000naa$a2200000$$$4500
001 0001775
005 20231004101211.8
041 0 |a slo 
044 |a CZ 
245 1 0 |a Interný marketing nie je riadenie ľudských zdrojov  |c aut. Miloš Ronec 
520 |a Prehľad rôznych klasifikácii marketingu. Obsahové vymedzenie pojmov integrovaný a interný marketing. Postavenie interného marketingu vo formálno-organizačnom usporiadaní firmy. Ciele, úlohy interného marketingu a nástroje na dosiahnutie úloh. Interný marketing ako neoddeliteľná súčasť marketingu spoločnosti. 
610 2 0 |a pojmy 
610 2 0 |a marketing 
610 2 0 |a marketing interný 
610 2 0 |a manažment 
610 2 0 |a organizácie 
610 2 0 |a manažéri 
610 2 0 |a zamestnanci 
100 1 |a Ronec, Miloš